| 000 | 00585nam a2200217Ia 4500 | ||
|---|---|---|---|
| 001 | 59280 | ||
| 008 | 140520s9999 xx 000 0 und d | ||
| 020 | _a0071318356 | ||
| 040 | _cPK-LaUMT | ||
| 082 |
_a 657.42 _bLAN-F |
||
| 100 | _aLanen, William N. | ||
| 245 |
_aFundamentals of cost accounting _cLanen, William N.<>Anderson, Shannon W.<>Maher, Michael W. |
||
| 250 | _a4th | ||
| 260 |
_aNew York,USA: _bMcGraw-Hill, _c2011 |
||
| 300 | _a711 p. | ||
| 546 | _aEN | ||
| 650 | _aCost accounting | ||
| 700 | _aAnderson, Shannon W. | ||
| 700 | _aMaher, Michael W. | ||
| 942 | _cBK | ||
| 999 |
_c56608 _d56608 |
||